Things I Wish I Told My Mother (Record no. 3460)

MARC details
000 -LEADER
fixed length control field 00397nam a22001457a 4500
008 - FIXED-LENGTH DATA ELEMENTS--GENERAL INFORMATION
fixed length control field 250514b |||||||| |||| 00| 0 eng d
020 ## - INTERNATIONAL STANDARD BOOK NUMBER
ISBN 9781529136869
100 ## - MAIN ENTRY--AUTHOR
Author Patterson Susan
245 ## - TITLE STATEMENT
Title Things I Wish I Told My Mother
260 ## - PUBLICATION, DISTRIBUTION, ETC. (IMPRINT)
Place of publication London
Name of publisher Century
Date of publication 2023
300 ## - COLLATION
Pagination 309p.
650 ## - TRACINGS
Main Subject Mothers and daughters - fiction
Subdivision (1st) Vacation - fiction
942 ## - ADDED ENTRY ELEMENTS (KOHA)
Item type Books
050 ## - LIBRARY OF CONGRESS CALL NUMBER
Classification number PS3616.A8795
Item number .T45
Holdings
Source of classification or shelving scheme Not for loan Permanent location Current location Date acquired Accession No. Full call number Barcode. Koha item type
Library of Congress Classification   Samuel Ogbemudia Main Library, University of Abuja Samuel Ogbemudia Main Library, University of Abuja 05/14/2025 2024/64075 PS3616.A8795.T45 2025-1928 Books